Địa phương chí tỉnh Ba Xuyên (Sóc Trăng)

Na minha lista:
Detalhes bibliográficos
Idioma:Undetermined
Publicado em: [s.l.] [s.n.]
Assuntos:
Tags: Adicionar Tag
Sem tags, seja o primeiro a adicionar uma tag!
Thư viện lưu trữ: Trung tâm Học liệu Trường Đại học Trà Vinh
LEADER 00438nam a2200157Ia 4500
001 TVU_19087
008 210423s9999 xx 000 0 und d
041 |a Vie 
082 |a 915.9799 
082 |b Đ301 
245 0 |a Địa phương chí tỉnh Ba Xuyên (Sóc Trăng) 
260 |a [s.l.] 
260 |b [s.n.] 
300 |a 82 tr. ; 30 cm 
650 |a Địa chí; Sóc Trăng; Ba Xuyên 
980 |a Trung tâm Học liệu Trường Đại học Trà Vinh